00415nam a2200157 450000500170000001000150001702000110003203500140004303700130005708200120007010000180008224500430010026000300014327000640017330000200023720190514171429.0 aENG-125186 c250.00 aEN-108718 bDBAD/PUB a793.319 aSharma, Seema aFolk dances of India/cby Seema Sharma aDelhibSeema Sharmac2011 aHouse No-29/32B, Gali No-12, Viswas NagarbShahdarae110032 a159p.c22cm(Hb)